| 000 | 00648cam a22002291a 4500 | ||
|---|---|---|---|
| 001 | sa 68005826 | ||
| 003 | DLC | ||
| 005 | 20260227112512.0 | ||
| 008 | 890417s1967 ii c b 000 0 telo | ||
| 010 | _asa 68005826 | ||
| 035 | _a(OCoLC)19561644 | ||
| 040 |
_aDLC _cWaU _dWU _dOCoLC _dDLC |
||
| 042 | _apremarc | ||
| 050 | 0 | 0 |
_aPR6027.A53 _bZ8 |
| 100 | 2 |
_aSatyanarayana Rao, Yandamury, _d1913- |
|
| 245 | 0 | 0 |
_aSarōjinī Nāyuḍu / _cŚrīvātsava. |
| 260 |
_aVijayavāḍa : _bVenkatrāma, _c1967. |
||
| 300 |
_aii, 171 p. _bport. _c22 cm. |
||
| 500 | _aIn Telugu. | ||
| 504 | _aBibliography: p. 171. | ||
| 600 | 1 | 0 |
_aNaidu, Sarojini, _d1879-1949. |
| 999 |
_c80985 _d80985 |
||